Statistics for Highschool DxD character quiz part 1

Click here to take the quiz!

General Stats

  • This quiz has been taken 109 times
  • The average score is 7 of 15

Answer Stats

HintAnswer% Correct
The one who is called the ruin princessRias Gremory
92%
Was the knight of Rias and a popular boy in the academyYuuto Kiba
78%
The one who had a power to do twilight healingsAsia Argento
73%
Was a half devil/fallen angelAkeno Himejima
70%
The main male protagonist characterIssei Hyoudou
61%
Was Issei first girlfriend and a fallen angelRaynare
56%
Was a shy vampire that have power to stop timeGasper Vladi
52%
Was Rias first rook and a NekomataKoneko Toujou
48%
Was Issei's childhood friend and the holder of Excalibur mimixIrina Shidou
42%
Was the holder of Excalibur destruction and durandalXenovia Quarta
38%
Was the leader of the Excalibur experimentsValper Galilei
36%
Riser's sisterRavel Phenex
34%
Was the immortal king that challenged Rias peerage to a rating gameRiser Phenex
34%
Was a devil killer and protector of ValperFreed Sellzen
27%
Was Riser's queen and was the strongest of her peerageYumbelluna
5%

Score Distribution

Percentile by Number Answered

Percent of People with Each Score

Your Score History

You have not taken this quiz